Central Library OPAC University of Rajshahi

Habitat modification and freshwater fisheries : (Record no. 69070)

MARC details
000 -LEADER
fixed length control field 00936nam a2200229 a 4500
001 - CONTROL NUMBER
control field 69070
003 - CONTROL NUMBER IDENTIFIER
rucl marc code BD-RjUL
005 - DATE AND TIME OF LATEST TRANSACTION
control field 20211209081839.0
008 - FIXED-LENGTH DATA ELEMENTS--GENERAL INFORMATION
fixed length control field 850626s1985 enka b 101 0 eng
020 ## - INTERNATIONAL STANDARD BOOK NUMBER
International Standard Book Number 0407004181 :
Terms of availability £35.00 (est.)
035 ## - SYSTEM CONTROL NUMBER
System control number (BD-RjUL)69281
040 ## - CATALOGING SOURCE
Original cataloging agency DLC
Transcribing agency DLC
Modifying agency DLC
-- BD-RjUL
Language of cataloging eng
041 0# - LANGUAGE CODE
Language code of text/sound track or separate title eng
Language code of summary or abstract eng
082 00 - DEWEY DECIMAL CLASSIFICATION NUMBER
Edition number 23
Classification number 639.31
Author mark and year HAB 1985
245 10 - TITLE STATEMENT
Title Habitat modification and freshwater fisheries :
Remainder of title proceedings of a symposium of the European Inland Fisheries Advisory Commission /
Statement of responsibility, etc. edited by John S. Alabaster.
260 ## - PUBLICATION, DISTRIBUTION, ETC. (IMPRINT)
Place of publication, distribution, etc. London ;
-- Boston :
Name of publisher, distributor, etc. Published by arrangement with the Food and Agriculture Organization of the United Nations by Butterworths,
Date of publication, distribution, etc. 1985.
300 ## - PHYSICAL DESCRIPTION
Pagination x, 278 p. :
Illustrations ill. ;
Size 24 cm.
504 ## - BIBLIOGRAPHY, ETC. NOTE
Bibliography, etc Includes bibliographies and index.
650 #0 - SUBJECT ADDED ENTRY--TOPICAL TERM
Topical term or geographic name as entry element Freshwater fishes
General subdivision Effect of habitat modification on
-- Congresses.
9 (RLIN) 204623
700 1# - ADDED ENTRY--PERSONAL NAME
Personal name Alabaster, John S.
942 ## - ADDED ENTRY ELEMENTS (KOHA)
Source of classification or shelving scheme Dewey Decimal Classification
Koha item type Books
Holdings
Lost status Source of classification or shelving scheme Damaged status Not for loan Collection code Permanent Location Current Location Shelving location Date acquired Source of acquisition Cost, normal purchase price Total Checkouts Full call number Date last seen Copy number Koha item type
  Dewey Decimal Classification   Not For Loan Non-fiction Central Library, University of Rajshahi Central Library, University of Rajshahi Reading Room 29/06/1988 N/A 0.00   639.31 HAB 1985 09/04/2017 C-1 Books